000 00760nam a2200253Ia 4500
003 OSt
005 20221005104127.0
006 a|||||r|||| 00| 0
007 ta
008 221004b |||||||| |||| 00| 0 hin d
024 _a24364
037 _cTextual
040 _aCRL
_cCRL
_bhin
041 _2hin
_ahin
082 _aO152,3N144,KA, N6
100 _aरहबर, हंसराज
245 0 _aकंकर
246 _aKankara
260 _aदिल्ली
_bदिनमान प्रकाशन भारत
_c1996
300 _a320पृ0
_ccm.
650 _aहिन्दी साहित्य
942 _hO152,3N144,KA, N6
_cTEXL
_2cc
999 _c1011794
_d1011794